000 00463nam a2200157Ia 4500
005 20250508152714.0
008 008 250505s9999 xx 000 0 eng d
037 _aBooks to be hide in OPAC
040 _aFEDL
_beng
_cFEDL
041 _aeng
_2eng
084 _a371.2, MAL
_qFEDL
100 _aMalaia K C
_9762195
245 0 _aBuniyadi shikshalya sangtthan tatha vibhinn vishyon ka shikshan
942 _cHB
_h371.2, MAL
999 _c1338185
_d1338185